| 000 | 00918nam a2200265 i 4500 | ||
|---|---|---|---|
| 003 | DO-SdBNP | ||
| 005 | 20230718150032.0 | ||
| 007 | ta | ||
| 008 | 230718b20092010dr d|||| |||| 00| 0 spa d | ||
| 040 |
_aDO-SdBNP _bspa _cBNPHU _erda |
||
| 082 | 4 |
_bM294d _222 |
|
| 245 | 0 | 0 |
_aManual del laboratorio de física básica (FIS-014) / _ccolaboradores, Osiris Robles...[et al.]. |
| 264 |
_aSanto Domingo : _bUniversidad Autónoma de Santo Domingo, _c2009-2010. |
||
| 300 |
_a119 páginas : _bgráficos ; _c27 cm. |
||
| 336 |
_2rdacontent _atexto _btxt |
||
| 337 |
_2rdamedia _asin mediación _bn |
||
| 338 |
_2rdacarrier _avolumen _bnc |
||
| 590 | _aInventariado, 2023/BT | ||
| 700 | 1 |
_aGonzález R., Cristian, _938246 _ecolaborador |
|
| 700 | 1 |
_aGómez, Carlos, _938247 _ecolaborador |
|
| 700 | 1 |
_aPaulino, Javier, _938248 _ecolaborador |
|
| 700 | 1 |
_aPérez, Omar, _938249 _ecolaborador |
|
| 910 | _aBtavárez | ||
| 942 |
_2ddc _cLBS1 |
||
| 999 |
_c54195 _d54195 |
||